书目信息 |
| 题名: |
花影
|
|
| 作者: | 叶兆言 著 | |
| 分册: | ||
| 出版信息: | 南京 南京出版社 1994.06 |
|
| 页数: | 316页 | |
| 开本: | 32开 | |
| 丛书名: | ||
| 单 册: | ||
| 中图分类: | I247.5 | |
| 科图分类: | ||
| 主题词: | 小说--中国 | |
| 电子资源: | ||
| ISBN: | 7-80614-026-3 | |
| 000 | 00507nam0 2200193 45 | |
| 001 | 0011010672 | |
| 005 | 20001123112625.4 | |
| 010 | @a7-80614-026-3@d8.90元 | |
| 100 | @a20001101d1994 km y0chiy0120 ea | |
| 101 | 0 | @achi |
| 105 | @a z 000yy | |
| 200 | 1 | @a花影@AHua Ying@f叶兆言著@FYe Zhao Yan Zhu |
| 210 | @a南京@c南京出版社@d1994.06 | |
| 215 | @a316页@d32开 | |
| 606 | 0 | @a小说@x中国 |
| 690 | @aI247.5@v3 | |
| 701 | 0 | @a叶兆言@4著 |
| 801 | @aCN@bPftUser@c20001101 | |
| 905 | @dI247.5@eY928/5@b502103@f1 | |
| 花影/叶兆言著.-南京:南京出版社,1994.06 |
| 316页;32开 |
| ISBN 7-80614-026-3:8.90元 |
| ● |
| 相关链接 |
|
|
|
正题名:花影
索取号:I247.5/Y928/5
 
预约/预借
| 序号 | 登录号 | 条形码 | 馆藏地/架位号 | 状态 | 备注 |
| 1 | 502103 | 205021037 | 社科二线400B/400B社科库 18排2列4层/ [索取号:I247.5/Y928/5] | 在馆 |